000 01649cam a22004457a 4500
003 CHAP
005 20220329142824.0
008 040524s2004 mx ad r 00010 spa d
010 _a88300
011 _a89272
035 _a99823
040 _cCHAP
090 _aTesis
100 0 0 _aLópez Gaytán, Emilio.
_967921
245 1 0 _aCaracterización agronómica y fenológica de Physalis peruviana L., en Chapingo, México
_c/por Emilio López Gaytán
260 _aChapingo, Méx. :
_bEl autor,
_c2004
300 _a67 h. :
_bilus. ; gráfs. ; cuadros
502 _aTesis (Ing. Agr. Esp. en Fitotecnia) -- UACH. Departamento de Fitotecnia
530 _aTambién disponible en línea
590 _aALEPH
_b10
_c20130110
_lUCH01
_h1457
590 _aBATCH-UPD
_b10
_c20130110
_lUCH01
_h0814
590 _aBATCH-UPD
_b10
_c20130410
_lUCH01
_h0451
590 _aBATCH-UPD
_b10
_c20130914
_lUCH01
_h0548
590 _aBATCH-UPD
_b10
_c20130914
_lUCH01
_h2143
590 _aBATCH-UPD
_b10
_c20140324
_lUCH01
_h1443
590 _aBATCH-UPD
_b10
_c20141002
_lUCH01
_h0821
590 _aCONVERSION
_b10
_c20130109
_lUCH01
_h1349
650 1 4 _aAgricultura
_zMexico (Edo.).
_91934
650 1 4 _aBayas.
_910992
650 1 4 _aCultivos en invernadero.
_930376
650 1 4 _aFenología.
_940043
650 1 4 _aPhysalis peruviana.
_987892
650 1 4 _aPhysalis.
_987890
856 _3Finding aid
_uhttp://10.13.5.2/tesis/99823.pdf
_zTeclea aqui
901 _aBK
905 _aMarco A. Mendoza T.
942 _cFOLL
949 _aTesis
_bBC
_cTES
_d33724000909677
_eTS2
_fc.2
_gDonaciØn
_h41824
_i99823
_si
949 _aTesis
_bBC
_cTES
_d998231
_eTS1
_gDonaciØn
_h41823
_i99823
_sb
999 _c88300
_d88300